000 00370pab a2200157 454500
008 180718b2002 xxu||||| |||| 00| 0 eng d
100 _aBennis, Warren G.
245 _aCrucibles of leadership
260 _c2002
300 _ap.39-45.
362 _aSep
650 _aLeadership
700 _aThomas, Robert J.
773 _aHarvard Business Review
909 _a53813
999 _c53813
_d53813